Map Quiz - Name South America Capitals - Statistics

General Stats
  • This quiz has been taken 45 times
  • The average score is 11 of 13
Answers on the Map
Answers color-coded by a green-red scale on the quiz's map according to % correct below.
 
Answer Stats
Answer % Correct
Brasília
97%
Lima
91%
Santiago
91%
Buenos Aires
88%
Caracas
88%
Bogotá
84%
La Paz
81%
Montevideo
81%
Quito
81%
Asunción
78%
Georgetown
75%
Sucre
75%
Paramaribo
69%
No matching quizzes found
Score Distribution
Percent of People with Each Score
Percentile by Number Answered
Your Score History
You have not taken this quiz